000
00306nam a22001457a 4500
008
230315b ||||| |||| 00| 0 eng d
020
_a
9780979764257
041
_a
eng
080
_a
7
082
_a
7CUR
100
_a
21
101
_a
ART
245
_a
THE DOGWOOD THIEVES
_c
CURRIN J
942
_2
udc
_c
BK
999
_c
59359
_d
59359